Luis Muñoz Maluschka: escritos
Wedi'i Gadw mewn:
| Prif Awdur: | |
|---|---|
| Awduron Eraill: | |
| Fformat: | Llyfr |
| Iaith: | Sbaeneg |
| Cyhoeddwyd: |
Santiago
Universidad de Chile
1993
|
| Pynciau: | |
| Tagiau: |
Ychwanegu Tag
Dim Tagiau, Byddwch y cyntaf i dagio'r cofnod hwn!
|
MARC
| LEADER | 00000nam a2200000 a 4500 | ||
|---|---|---|---|
| 001 | UCX9198 | ||
| 003 | CL-VaPUC | ||
| 005 | 20230317093144.0 | ||
| 008 | 940520e19930000CL |||||||||||||||||spa|d | ||
| 999 | |c 228510 |d 228508 | ||
| 040 | |c Pontificia Universidad Católica de Valparaíso | ||
| 082 | 0 | 4 | |a 711 |b PAV |2 21 |
| 100 | 1 | |a Pavéz Reyes, María Isabel |e compiladora |9 880763 | |
| 245 | 1 | 0 | |a Luis Muñoz Maluschka: escritos |
| 260 | |a Santiago |b Universidad de Chile |c 1993 | ||
| 300 | |a 86 h | ||
| 583 | |a last modification |c 19940520 00:00:00 |k Rodrigo Vera | ||
| 600 | |a Muñoz Maluschka, Luis |d 1896-1974 |9 880764 | ||
| 650 | 7 | |a DESARROLLO URBANO |2 CL-VaPUC |9 326550 | |
| 650 | 0 | |a Planificación urbana |9 258176 | |
| 651 | 7 | |a CHILE |2 CL-VaPUC |9 326551 | |
| 700 | |a Parrochia Beguin, Juan A. |e compilador |9 880765 | ||
| 942 | |c BK |2 ddc | ||
| 945 | |d 19940520 00:00:00 |a mfernand | ||
| 952 | |0 0 |1 0 |4 0 |6 711_000000000000000_PAV_1993 |7 0 |8 P |9 228682 |a BIBARQ |b BIBARQ |d 2019-11-15 |i 297634K |o 711 PAV 1993 |p 297634K |r 2025-01-20 |w 2019-11-15 |y BK |k ARQ | ||